La carrière de James Rodriguez - Statistiques

Statistiques générales
  • Ce quiz a été pris 39 fois
    2 depuis la dernière actualisation
  • Le résultat moyen est 4 sur 12
Statistiques - réponses
Année Match But Club % Correct
2013 - 2014 38 10 AS Monaco
100%
-> 2017 - 2019 67 15 Bayern Munich
100%
2014 - 2020 125 37 Real Madrid
100%
2020 - 2021 26 6 Everton FC
50%
2010 - 2013 108 32 FC Porto
50%
2021 - 2022 16 5 Al-Rayyan SC
0%
2008 - 2010 50 10 CA Banfield
0%
2025 34 5 Club León
0%
2007 - 2008 30 9 Envigado FC
0%
2022 - 2023 23 5 Olympiakos
0%
2024 - 2025 7 0 Rayo Vallecano
0%
2023 - 2024 22 2 São Paulo FC
0%
Aucun quiz correspondant
Distribution des résultats
% des personnes avec chaque résultat
Percentile par nombre de réponses
Votre historique - résultats
Vous n’avez pas pris ce quiz depuis la dernière actualisation